Cambridge Primary Mathematics Challenge 3 / (Record no. 8469)

MARC details
000 -LEADER
fixed length control field 01299nam a22002057a 4500
001 - CONTROL NUMBER
control field 8469
003 - CONTROL NUMBER IDENTIFIER
control field FISKH
005 - DATE AND TIME OF LATEST TRANSACTION
control field 20250915111435.0
008 - FIXED-LENGTH DATA ELEMENTS--GENERAL INFORMATION
fixed length control field 250915b cb ||||| |||| 00| 0 eng d
020 ## - INTERNATIONAL STANDARD BOOK NUMBER
International Standard Book Number 9781316509227
040 ## - CATALOGING SOURCE
Original cataloging agency FISKH
Language of cataloging eng
Transcribing agency FISKH
Modifying agency FISKH
082 ## - DEWEY DECIMAL CLASSIFICATION NUMBER
Classification number 510.76
100 ## - MAIN ENTRY--PERSONAL NAME
Personal name Moseley, Cherri
245 ## - TITLE STATEMENT
Title Cambridge Primary Mathematics Challenge 3 /
Statement of responsibility, etc. By Cherri Moseley and Janet Rees
260 ## - PUBLICATION, DISTRIBUTION, ETC.
Place of publication, distribution, etc. Cambridge :
Name of publisher, distributor, etc. Cambridge University Press ,
Date of publication, distribution, etc. 2016.
300 ## - PHYSICAL DESCRIPTION
Extent 80 pages :
Other physical details illustrations ;
Dimensions 28 cm .
520 ## - SUMMARY, ETC.
Summary, etc. Cambridge Primary Mathematics is a flexible and engaging course written specifically for Cambridge Primary Mathematics Curriculum Stages 1 to 6. The course offers a discussion-led approach with problem-solving integrated throughout. The language is pitched to ESL learners with illustrations to support visual understanding. The Challenge Books provide extension activities for children who need more challenging activities to stretch their skills beyond the required standard for success. They include a full range of carefully levelled activities which help deepen a child's understanding, plus helpful guidance for explaining to the learner, teacher or parent the key mathematical concepts underpinning each exercise.
942 ## - ADDED ENTRY ELEMENTS (KOHA)
Source of classification or shelving scheme Dewey Decimal Classification
Koha item type Books
Suppress in OPAC No
Holdings
Withdrawn status Lost status Source of classification or shelving scheme Damaged status Not for loan Home library Current library Shelving location Date acquired Total Checkouts Full call number Barcode Date last seen Price effective from Koha item type
    Dewey Decimal Classification     Footprints International School Library Network Toul Tom Poung Campus Footprints International School Library Network Toul Tom Poung Campus Librarian's Shelf TTP 09/15/2025   MOS 510.76 2025-4411 09/15/2025 09/15/2025 Books